[Event "Araraquara op 2nd"]
[Site "Araraquara"]
[Date "2024.02.12"]
[Round "6"]
[White "Dias, Stefan Morgado"]
[Black "Haraguchi, Diego Sashaki"]
[Result "1/2-1/2"]
[WhiteElo "1800"]
[BlackElo "1967"]
[PlyCount "52"]
[EventDate "2024.02.10"]
[EventType "swiss"]
[EventRounds "7"]
[EventCountry "BRA"]
[SourceTitle "CB09_2024"]
[SourceDate "2024.02.28"]
[SourceVersion "1"]
[SourceVersionDate "2024.02.28"]
[SourceQuality "1"]

1. d4 Nf6 2. c4 g6 3. Nc3 Bg7 4. e4 0-0 5. f4 d6 6. Nf3 c5 7. d5 e6 8. dxe6 Bxe6 9. Bd3 Nc6 10. 0-0 Bg4 11. h3 Bxf3 12. Qxf3 Nd4 13. Qf2 Nd7 14. Be3 a6 15. Kh1 Rb8 16. a4 f5 17. exf5 Nxf5 18. Bxf5 gxf5 19. Nd5 Nb6 20. Nxb6 Qxb6 21. Rad1 Rbd8 22. Rd3 Qc6 23. Rfd1 Qxa4 24. Bxc5 Qxc4 25. Bxd6 Rf7 26. Qg3 Qe6 1/2-1/2

[Event "Araraquara op 2nd"]
[Site "Araraquara"]
[Date "2024.02.10"]
[Round "1"]
[White "Da Cunha, Gabriela Goes"]
[Black "Dias, Stefan Morgado"]
[Result "1/2-1/2"]
[WhiteElo "1837"]
[BlackElo "1800"]
[PlyCount "62"]
[EventDate "2024.02.10"]
[EventType "swiss"]
[EventRounds "7"]
[EventCountry "BRA"]
[SourceTitle "CB09_2024"]
[SourceDate "2024.02.28"]
[SourceVersion "1"]
[SourceVersionDate "2024.02.28"]
[SourceQuality "1"]

1. d4 d5 2. c4 e6 3. cxd5 exd5 4. Nc3 c5 5. Nf3 Nc6 6. Bg5 Be7 7. Bxe7 Ngxe7 8. e3 0-0 9. dxc5 Qa5 10. Be2 Qxc5 11. 0-0 Rd8 12. Nb5 Qb6 13. Qd2 Bg4 14. Nbd4 Rac8 15. Rfd1 Rc7 16. h3 Bh5 17. a3 h6 18. Nxc6 bxc6 19. Rac1 c5 20. Ne5 Bxe2 21. Qxe2 Rdc8 22. e4 d4 23. Nc4 Qe6 24. Qf3 Nc6 25. Qf4 Rd7 26. Rd2 Re8 27. f3 Rc8 28. Rcd1 Re8 29. Rc1 Rc8 30. Rcd1 Re8 31. Rc1 Rc8 1/2-1/2